000 01089cam a22003011 4500
001 2880
003 BD-RjUL
005 20211208233633.0
008 131217s1933 nyuacf b 001 0 eng
035 _a(BD-RjUL)2908
035 _a(OCoLC)1114152
040 _aDLC
_cTxFTC
_dDLC
_beng
041 _aeng
082 _a331.1872
_216
_bDAL 1933
100 1 _aDavis, Horace B.
_99231
245 1 0 _aLabor and steel /
_cHorace B. Davis.
260 _aNew York :
_bInternational Publishers,
_cc1933
300 _a304 p.
_b1 illus., plates, port.
_c19 1/2 cm.
490 0 _aLabor and industry series
500 _aThe first seven chapters of this work were submitted to the Faculty of political science at Columbia university in partial fulfillment of the requirements for the degree of doctor of philosophy. cf. p. 13.
504 _a"Reference notes": p. 272-282.
526 _bSociology
650 0 _aSteel industry and trade
_zUnited States.
_99232
650 0 _aLabor and laboring classes
_zUnited States.
_98456
942 _2ddc
_cBK
999 _c2880
_d2880